La pista de hielo

Guardat en:
Dades bibliogràfiques
Autor principal: Bolaño, Roberto (Autor)
Format: Llibre
Idioma:espanyol
Publicat: Barcelona Anagrama 2009
Edició:1a. ed
Col·lecció:Narrativas Hispánicas, 460
Matèries:
Etiquetes: Afegir etiqueta
Sense etiquetes, Sigues el primer a etiquetar aquest registre!

MARC

LEADER 00000nam a2200000 a 4500
001 UCG2809
003 CL-VaPUC
008 100723e20091100SP |||||||||||||||||spa|d
020 |a 9788433971999 
082 0 4 |a Ch863  |b BOL  |2 21 
100 0 |a Bolaño, Roberto  |e author  |9 551432 
245 1 3 |a La pista de hielo 
250 |a 1a. ed 
300 |a 200 p 
942 |c BK 
945 |d 20100723 00:00:00  |a mfarfan 
260 |a Barcelona  |b Anagrama  |c 2009 
650 0 |a Escritores chilenos   |9 420370 
650 0 |a Literatura chilena   |9 308278 
650 0 |a Novelas chilenas   |9 265425 
583 |a last modification  |c 20100723 00:00:00  |k Rodrigo Vera 
490 0 |a Narrativas Hispánicas, 460 
999 |c 341932  |d 341930 
952 |0 0  |1 0  |4 0  |6 CH_863_000000000000000_BOL_2009  |7 0  |8 R  |9 437789  |a BIBEDU  |b BIBEDU  |d 2019-11-22  |i 4699076  |o Ch863 BOL 2009  |p 4699076  |r 2019-11-22  |w 2019-11-22  |y BK_R  |k LIT 
952 |0 0  |1 0  |4 0  |6 CH_863_000000000000000_BOL_2009  |7 0  |8 R  |9 437790  |a BIBEDU  |b BIBEDU  |c MCIRC  |d 2019-11-22  |i 4699084  |o Ch863 BOL 2009  |p 4699084  |r 2023-01-13  |w 2019-11-22  |y BK_R  |k LIT